Travel and Transportation Reform Act of 1998 : Implementation.

Summarizes and analyzes provisions of the Travel and Transportation Reform Act of 1998, which amended policies governing Federal government travel. Reviews changes such as the use of travel charge cards and test programs.

Bibliographic Details
Corporate Authors: Library of Congress. Congressional Research Service, ProQuest (Firm)
Format: eBook
Language:English
Published: [Place of publication not identified] : [publisher not identified], 1999.
Series:U.S. Congressional Research.
Subjects:
Online Access:Connect to the full text of this electronic book

MARC

Tag First Indicator Second Indicator Subfields
LEADER 00000cam a22000001a 4500
001 in00003376597
006 m d f
007 cr bn mmmapmmp
008 100717s1999 dcu o f000 0 eng d
005 20260430192020.9
035 |a cis2007894260 
040 |a ProQuest  |c ProQuest  |d UtOrBLW 
043 |a n-us--- 
099 |a CRS-1999-GVF-0133 
110 2 |a Library of Congress.  |b Congressional Research Service. 
245 1 0 |a Travel and Transportation Reform Act of 1998 :  |b Implementation. 
264 1 |a [Place of publication not identified] :  |b [publisher not identified],  |c 1999. 
300 |a 1 online resource. 
336 |a text  |b txt  |2 rdacontent 
337 |a computer  |b c  |2 rdamedia 
338 |a online resource  |b cr  |2 rdacarrier 
500 |a Record is based on bibliographic data in ProQuest U.S. Congressional Research Digital Collection (last viewed July 2010). Reuse except for individual research requires license from ProQuest, LLC. 
500 |a CRS Report. 
520 |a Summarizes and analyzes provisions of the Travel and Transportation Reform Act of 1998, which amended policies governing Federal government travel. Reviews changes such as the use of travel charge cards and test programs. 
500 |a Electronic resource. 
610 1 0 |a United States.  |b Congress  |x Officials and employees. 
650 0 |a Travel. 
655 7 |a Electronic books.  |2 local 
710 2 |a ProQuest (Firm) 
776 0 8 |i Microfiche version:   |a Library of Congress. Congressional Research Service.  |t Travel and Transportation Reform Act of 1998 
830 0 |a U.S. Congressional Research. 
856 4 0 |u http://proxy.library.tamu.edu/login?url=https://congressional.proquest.com/congcomp/getdoc?CRDC-ID=CRS-1999-GVF-0133  |z Connect to the full text of this electronic book  |t 0 
999 |a MARS 
999 f f |s 47e74c47-55f8-3ab7-a885-e2c6a955233e  |i 9367c10d-412c-3bfe-9e92-7731ee67fc98  |t 0 
952 f f |a Texas A&M University  |b College Station  |c Electronic Resources  |s www_evans  |d Available Online  |t 0  |e CRS-1999-GVF-0133  |h Other scheme 
998 f f |a CRS-1999-GVF-0133  |t 0  |l Available Online